[Event "Ruhrgebiet Verbandsklasse Gruppe 3 1718"]
[Site "Germany"]
[Date "2017.12.03"]
[Round "4.5"]
[White "Vengels, Joachim"]
[Black "Storp, Thomas"]
[Result "1/2-1/2"]
[WhiteElo "1967"]
[BlackElo "1820"]
[PlyCount "97"]
[EventDate "2017.09.17"]
[EventType "team-tourn"]
[EventRounds "9"]
[EventCountry "GER"]
[SourceTitle "EXT 2022"]
[Source "ChessBase"]
[SourceDate "2021.10.06"]
[SourceVersion "1"]
[SourceVersionDate "2021.10.06"]
[SourceQuality "1"]
[WhiteTeam "Hervest Dorsten"]
[BlackTeam "Ruettenscheid Rochade"]
[WhiteTeamCountry "GER"]
[BlackTeamCountry "GER"]

1. e4 e5 2. d4 exd4 3. Nf3 Bb4+ 4. c3 dxc3 5. Nxc3 Ne7 6. Bc4 0-0 7. 0-0 Bxc3 8. bxc3 Ng6 9. Ba3 d6 10. e5 Nc6 11. exd6 cxd6 12. Qxd6 Qxd6 13. Bxd6 Rd8 14. Bc7 Rd7 15. Bg3 h6 16. Rfe1 Re7 17. Bd6 Rxe1+ 18. Rxe1 Bg4 19. Nd4 Nxd4 20. cxd4 Rd8 21. Bg3 Rxd4 22. Bb3 Bd7 23. f3 Rd2 24. h4 h5 25. Rc1 b6 26. Rc7 a5 27. Be1 Rd6 28. Bg3 Rd3 29. Bc2 Rd2 30. Be1 Rd6 31. Bg3 Rc6 32. Bxg6 Rxg6 33. Rxd7 Rxg3 34. Rd5 Rg6 35. Rxh5 Rc6 36. Rb5 Rc2 37. a3 Ra2 38. Rxb6 Rxa3 39. Rb8+ Kh7 40. Kh2 Ra2 41. Kg3 a4 42. Ra8 a3 43. Ra6 f6 44. Ra5 g6 45. Ra7+ Kh6 46. Ra6 f5 47. Ra8 Ra1 48. Kf4 a2 49. Ra7 1/2-1/2

[Event "Ruhrgebiet Verbandsklasse Gruppe 2 1617"]
[Site "Germany"]
[Date "2017.01.29"]
[Round "6.7"]
[White "Storp, Thomas"]
[Black "Schroelkamp, Carsten"]
[Result "1-0"]
[WhiteElo "1801"]
[BlackElo "1632"]
[PlyCount "79"]
[EventDate "2016.09.04"]
[EventType "team-tourn"]
[EventRounds "9"]
[EventCountry "GER"]
[SourceTitle "EXT 2022"]
[Source "ChessBase"]
[SourceDate "2021.10.06"]
[SourceVersion "1"]
[SourceVersionDate "2021.10.06"]
[SourceQuality "1"]
[WhiteTeam "Ruettenscheid Rochade"]
[BlackTeam "Brackel SF II"]
[WhiteTeamCountry "GER"]
[BlackTeamCountry "GER"]

1. c4 Nf6 2. d4 c6 3. Nc3 d5 4. e3 g6 5. Be2 Bg7 6. Nf3 0-0 7. 0-0 Nbd7 8. cxd5 Nxd5 9. Nxd5 cxd5 10. Qb3 Nb6 11. Bd2 Bf5 12. Ba5 Rc8 13. Bxb6 Qxb6 14. Qxb6 axb6 15. Rac1 h5 16. Bb5 Bf6 17. h3 g5 18. Nh2 e6 19. Bd7 Ra8 20. a3 Bd3 21. Rfd1 Bc4 22. a4 Be7 23. Ra1 Rfd8 24. Bb5 Rdc8 25. Rdc1 Bb4 26. Bxc4 dxc4 27. Nf3 f6 28. g4 hxg4 29. hxg4 Kf7 30. Kf1 Ke7 31. Ke2 Kd6 32. e4 Rc7 33. e5+ Ke7 34. Rh1 Rf8 35. Rh7+ Rf7 36. Rah1 c3 37. bxc3 Rxc3 38. exf6+ Kxf6 39. R1h6+ Ke7 40. Rxf7+ 1-0

[Event "Ruhrgebiet Verbandsklasse Gruppe 2 1617"]
[Site "Germany"]
[Date "2016.10.30"]
[Round "3.7"]
[White "Cziczkus, Juergen"]
[Black "Storp, Thomas"]
[Result "0-1"]
[WhiteElo "1426"]
[BlackElo "1813"]
[PlyCount "50"]
[EventDate "2016.09.04"]
[EventType "team-tourn"]
[EventRounds "9"]
[EventCountry "GER"]
[SourceTitle "EXT 2022"]
[Source "ChessBase"]
[SourceDate "2021.10.06"]
[SourceVersion "1"]
[SourceVersionDate "2021.10.06"]
[SourceQuality "1"]
[WhiteTeam "Osterfeld Schwarze Dame"]
[BlackTeam "Ruettenscheid Rochade"]
[WhiteTeamCountry "GER"]
[BlackTeamCountry "GER"]

1. d4 Nf6 2. Nf3 d5 3. Bf4 Nc6 4. e3 e6 5. Nbd2 Be7 6. h3 0-0 7. c3 Nh5 8. Bh2 f5 9. Ne5 Nf6 10. Qc2 Ne4 11. Nxe4 fxe4 12. Be2 Nxe5 13. Bxe5 Bd6 14. Bxd6 Qxd6 15. 0-0 c6 16. f3 Qg3 17. Qd1 e5 18. dxe5 Bxh3 19. Rf2 exf3 20. Bxf3 Bxg2 21. Rxg2 Qxf3 22. Qd2 Rae8 23. Rf2 Qxf2+ 24. Qxf2 Rxf2 25. Kxf2 Rxe5 0-1